Giáo trình luật lao động cơ bản
Giáo trình cung cấp những kiến thức cơ bản về luật lao động như quyền và nghĩa vụ của người lao động và của người sử dụng lao động, các tiêu chuẩn lao động, các nguyên tắc sử dụng và quản lý lao động...nhằm phục vụ cho việc học tập,...
محفوظ في:
| المؤلف الرئيسي: | |
|---|---|
| التنسيق: | كتاب |
| اللغة: | Undetermined |
| منشور في: |
Cần Thơ
Đại học Cần Thơ
2005
|
| الموضوعات: | |
| الوسوم: |
إضافة وسم
لا توجد وسوم, كن أول من يضع وسما على هذه التسجيلة!
|
| Thư viện lưu trữ: | Trung tâm Học liệu Trường Đại học Cần Thơ |
|---|
| LEADER | 01087nam a2200193Ia 4500 | ||
|---|---|---|---|
| 001 | CTU_118084 | ||
| 008 | 210402s9999 xx 000 0 und d | ||
| 082 | |a 344.01 | ||
| 082 | |b Ng527 | ||
| 100 | |a Diệp, Thành Nguyên | ||
| 245 | 0 | |a Giáo trình luật lao động cơ bản | |
| 245 | 0 | |c Diệp Thành Nguyên | |
| 260 | |a Cần Thơ | ||
| 260 | |b Đại học Cần Thơ | ||
| 260 | |c 2005 | ||
| 520 | |a Giáo trình cung cấp những kiến thức cơ bản về luật lao động như quyền và nghĩa vụ của người lao động và của người sử dụng lao động, các tiêu chuẩn lao động, các nguyên tắc sử dụng và quản lý lao động...nhằm phục vụ cho việc học tập, giảng dạy và nghiên cứu cho sinh viên, giảng viên và cán bộ làm công tác liên quan đến lĩnh vực lao động. | ||
| 650 | |a Labor laws and legislation | ||
| 904 | |i Tuyến | ||
| 980 | |a Trung tâm Học liệu Trường Đại học Cần Thơ | ||